000 01401nam a2200325 a 4500
001 vtls001558055
003 NLI
005 20210627154255.0
008 121212s1966 ii s000 0 eng
039 9 _a201701281658
_bumitap
_y201212121901
_zVLOAD
040 0 _aNLI
_beng
_cXData_3
_eAACR2
041 1 _aen
_hg
044 _aii
082 0 4 _a547.783
110 2 _aSeminar on Vegetable Tannins
_d(1962 :
_cCLRI, Madras)
_91054187
245 1 0 _aSeminar on vegetable tannins :
_bpapers presented at a seminar and held at the Institute on Jan. 21-23, 1962 /
_cedited by S. Rajadurai [and] Koty Udai Bhanu ; Sponsored by the Central Leather Research Institute Madras
260 _aMadras :
_bCentral Leather Research Institute,
_c1966
300 _avi, 160 p. :
_btables, diagrs ;
_c25 cm.
650 0 _aTannins
_9952448
650 0 _aChemistry, Organic
_9678531
700 1 _aRajadurai, S.,
_cDr.,
_4edt
_9953860
700 1 _aBhanu, Koty Udai,
_cDr. Sejt. edt
_91054188
710 2 _aIndia.
_bCouncil of Scientific and Industrial Research.
_bCentral Leather Research Institute (Madras)
_9888462
887 _a
901 _a47660 date
_b5.1.67
902 _aGP 547.783 In 2 vt
949 _AVIRTUAITEM
_D10003
_X100
_6IOD000047660EN
942 _00
_10
_40
_70
_aNLI
_bNLI
_yBKS
_d-
999 _aVIRTUA40
_c1007635
_d1007635
999 _aVTLSSORT0080*0400*0410*0440*0820*1100*2450*2600*3000*6500*6501*7000*7001*7100*9010*9020*9490*9992